skbl

Dr Suryya Kumar Bhuyan Library Web-OPAC
ডঃ সূৰ্য্য
কুমাৰ ভূঞা পুথিভঁৰাল ৱেব-অ'পেক

All Research Scholars are advised to clear the annual library fees to continue using Library Resources, Remote Access, Plagiarism Test and Library Clearance.

Cotton University Book Fair 2026

A Text Book Inorganic Chemistry / (Record no. 5538)

MARC details
000 -LEADER
fixed length control field 00684nam a2200217Ia 4500
001 - CONTROL NUMBER
control field 5551
008 - FIXED-LENGTH DATA ELEMENTS--GENERAL INFORMATION
fixed length control field 150225s 197 ii a g b000 u 465 u
082 ## - DEWEY DECIMAL CLASSIFICATION NUMBER
Classification number 546
100 ## - MAIN ENTRY--PERSONAL NAME
Personal name Janardhan , P.B. .
245 #0 - TITLE STATEMENT
Title A Text Book Inorganic Chemistry /
Statement of responsibility, etc. P.B. Janardhan and B. Sivasankar.
Medium Textual Documents
250 ## - EDITION STATEMENT
Edition statement 1st ed. /
260 ## - PUBLICATION, DISTRIBUTION, ETC.
Place of publication, distribution, etc. New Delhi :
Name of publisher, distributor, etc. Oxford & IBH Publishing Co ,
Date of publication, distribution, etc. C 1978.
300 ## - PHYSICAL DESCRIPTION
Extent xi, 809p. :
Other physical details ill. ;
Dimensions 24cm .
504 ## - BIBLIOGRAPHY, ETC. NOTE
Bibliography, etc. note Index
653 ## - INDEX TERM--UNCONTROLLED
Uncontrolled term G - Che
653 ## - INDEX TERM--UNCONTROLLED
Uncontrolled term Inorganic Chemistry
653 ## - INDEX TERM--UNCONTROLLED
Uncontrolled term PG-Chemistry
700 ## - ADDED ENTRY--PERSONAL NAME
Personal name Sivasankar, B. .
856 ## - ELECTRONIC LOCATION AND ACCESS
Uniform Resource Identifier <a href="Acc no77291 , A Text Book Inorganic Chemistry Shifted From PG Sec to General Sec">Acc no77291 , A Text Book Inorganic Chemistry Shifted From PG Sec to General Sec</a>
942 ## - ADDED ENTRY ELEMENTS (KOHA)
Source of classification or shelving scheme Dewey Decimal Classification
Koha item type Books
Holdings
Withdrawn status Lost status Damaged status Not for loan Collection Home library Current library Shelving location Date acquired Source of acquisition Coded location qualifier Cost, normal purchase price Total checkouts Full call number Barcode Date last seen Copy number Price effective from Koha item type Public note
          Dr. Suryya Kumar Bhuyan Library Dr. Suryya Kumar Bhuyan Library   01/02/2012 20 00000 40.00   546 J 251 T 77291 13/01/2024 1 01/02/2012 Books 20

Designed and Maintained by Team SKBL
©1901-2026

Powered by Koha